1008 1461 1877 1234 1257 1388 1546 1454 1734 1333 1739 1760 1144 1228 1544 1282 1809 1695 1150 1690 1647 1364 1101 1922 1135 1100 1763 1260 1326 1374 1427 1422 1400 1922 1046 1959 1689 1888 1140 1627 1064 1150 1588 1735 1899 1783 1765 1561 1322 1715 1093 1062 1996 1574 1759 1411 1928 1651 1973 1428 1495 1196 1415 1425 1240 1106 1813 1117 1118 1944 1891 1702 1917 1333 1740 1760 1971 1495 1714 1123 1059 1288 1398 1680 1096 1394 1979 1806 1449 1784 1899 1423 1499 1255 1837 1167 1608 1768 1861 BCNSPRNW ULIB Ver.6.0+V

เปลี่ยนเป็นภาษาไทย

Change to English
 แสดงรายละเอียดบรรณานุกรม
  กลับหน้าหลัก

Brief Record : Get Marc (ISO 2709) : E-mail record : QR code < ปิดหน้าต่าง
LEADER : 00000nam 2200000uu 4500
001    13399109386
003     ULIB
008    110331s2543||||th 000 0 tha d
020    9742933391
060 04 WB102^bจ433ค 2543
245 00 Clinical practice guidelines :^bการจัดทำและนำไปใช้ /^cจิตรสิทธีอมร ... [และคนอื่นๆ]
246 31 การจัดทำและนำไปใช้
250    พิมพ์ครั้งที่ 3
260    นนทบุรี :^bสถาบันพัฒนาและรับรองคุณภาพโรงพยาบาล,^c2543
300    iv, 114 หน้า ;^c24 ซม.
650  2 Evidence-Based Medicine
650  2 Clinical Medicine
650  7 การแพทย์
700 0  จิตร สิทธีอมร
710 2  สถาบันพัฒนาและรับรองคุณภาพโรงพยาบาล
945    ^p80^l0^i014966
945    ^p80^l0^i014965
945    ^p80^l0^i014964
945    ^p80^l0^i014963
945    ^p80^l0^i014967
945    ^p80^l0^i014962
995    ทศพร
999 ^a ใช้งานได้ทุกระบบ
รายการนี้ยังไม่มีแท็ก
คุณยังไม่ได้ล็อกอิน คุณสามารถมีกิจกรรมร่วมกับเว็บไซต์ได้ แต่ต้องล็อกอินก่อน ::
  ล็อกอิน

รายการสื่อสารสนเทศ

ลำดับที่ ประเภท เลขเรียก/บาร์โค้ด สถานที่ สถานะ
- ไม่พบข้อมูล -

รายการใกล้เคียง
    หัวเรื่อง [Evidence-Based Medicine]
    หัวเรื่อง [Clinical Medicine]
    หัวเรื่อง [การแพทย์]

BibComment


ยังไม่เคยถูกคอมเมนท์

คอมเมนท์ทรัพยากรรายการนี้
  คอมเมนท์: Clinical practice..


 Copyright 2026. Bcnsprnw @Library